| 000 | 00396 a2200157 4500 | ||
|---|---|---|---|
| 005 | 20250626132958.0 | ||
| 020 | _a978-0-357-44204-3 | ||
| 082 | _a658.152 LEA | ||
| 100 | _aMELICHER,L | ||
| 245 | _aEntrepreneurial Finance | ||
| 250 | _a7th Ed. | ||
| 260 |
_aAustralia _bCengage _c2018 |
||
| 300 |
_axvii,696p.;ills,tables _bGlossary,Index _c26cm |
||
| 700 | _aRonald W Melicher | ||
| 942 |
_2ddc _cBKS |
||
| 999 |
_c5356 _d5356 |
||